000 00411pab a2200157 454500
008 180718b1996 xxu||||| |||| 00| 0 eng d
100 _aGiri, Ananta Kumar
245 _aDemocratic transition and challenge of transformation
260 _c1996
300 _ap.2154-161
362 _a10 Aug
650 _aDemocracy - India
650 _aDemocracy
773 _aEconomic and Political Weekly
909 _a31940
999 _c31940
_d31940